|
|
|
|
| LEADER |
00000cam a2200000 a 4500 |
| 001 |
60172 |
| 003 |
Ucuenca |
| 005 |
20240113062737.0 |
| 008 |
979121|1967 ag |||||r|||||||||||spa|| |
| 040 |
|
|
|b spa
|
| 041 |
0 |
|
|a spa
|
| 082 |
0 |
|
|a 513
|
| 100 |
1 |
|
|9 32033
|a Repetto, Celina H.
|
| 245 |
1 |
1 |
|a Matemática moderna: aritmética
|c Celina H. Repetto, Marcela E. Linskens e Hilda B. Fesquet
|h imp
|n tomo 1
|
| 250 |
|
|
|a 18a ed.
|
| 264 |
|
|
|a Buenos Aires
|b Kapelusz
|c 1967
|
| 300 |
|
|
|a xiii, 338 páginas:
|b tab
|c 20 cm
|
| 650 |
|
0 |
|a Conjuntos
|9 12813
|
| 650 |
|
0 |
|a Numeros naturales
|9 37324
|
| 650 |
|
7 |
|a Aritmética
|9 8642
|
| 650 |
|
0 |
|a Matemática
|9 12761
|
| 700 |
1 |
|
|9 32034
|a Linskens, Marcela E.
|
| 700 |
1 |
|
|9 32035
|a Fesquet, Hilda B.
|
| 852 |
|
|
|a UC-CDJBV
|f Compra
|l 1
|m General
|p 19791219
|q 1.00
|r 2
|t 60172
|b 0
|d CDRC
|e CDRC
|g 513 ESTANTERIA CERRADA
|z 1979-91-21
|
| 852 |
|
|
|a UC-CDJBV
|f Compra
|l 2
|m General
|p 19791219
|q 125,00
|r 2
|t si11328
|b 0
|d CDRC
|e CDRC
|g 513 ESTANTERIA CERRADA
|z 1979-91-21
|
| 942 |
|
|
|c BK
|2 ddc
|z ivan.verdugo@ucuenca.edu.ec
|
| 999 |
|
|
|c 38855
|d 38855
|